000 00660nam a2200217 i 4500
001 86689
003 ES-MaACL
005 20250804062703.0
007 t|
008 041215s1970 sp ||||1| cat d
080 _a929 King, Martin Luther
100 1 _aKing, Coretta Scott.
_968051
245 1 3 _aLa meva vida amb Martin Luther King /
_cCoretta Scott King ; traducció de Manuel de Padrolo.
250 _a1ª ed.
260 _aBarcelona :
_bAymá,
_c1970.
300 _a281 p., 1 lám. ;
_c21 cm.
600 1 4 _aKing, Martin Luther,
_d1929-1968
_968063
700 1 _aPadrolo, Manuel de.
_988206
852 _aES-MaACL
_jC-46173
999 _c86689
_d86689